Racing circuit to country III - Statistics

General Stats
  • This quiz has been taken 65 times
  • The average score is 13 of 20
Answer Stats
Name Country % Correct
Moscow Russia
96%
Spa-Francorchamps Belgium
95%
Zandvoort Netherlands
95%
Gilles Villeneuve Canada
91%
Virginia United States
89%
Yas Marina United Arab Emirates
82%
Salzburgring Austria
80%
Okayama / Aida Japan
78%
Oschersleben Germany
75%
Marina Bay Singapore
69%
Nevers Magny-Cours France
67%
Jarama Spain
56%
The Bend Australia
49%
Vallelunga Italy
49%
Most Czech Republic
42%
Mondello Park Ireland
38%
Grobnik Croatia
31%
Taupo New Zealand
29%
Inje Speedium South Korea
25%
Sentul Indonesia
20%
No matching quizzes found
Score Distribution
Percent of People with Each Score
Percentile by Number Answered
Your Score History
You have not taken this quiz